The interpretation of vibrational spectra (Record no. 74768)
[ view plain ]
| 000 -LEADER | |
|---|---|
| fixed length control field | 00854nam a2200289 a 4500 |
| 001 - CONTROL NUMBER | |
| control field | 74768 |
| 003 - CONTROL NUMBER IDENTIFIER | |
| rucl marc code | BD-RjUL |
| 005 - DATE AND TIME OF LATEST TRANSACTION | |
| control field | 20211209082610.0 |
| 008 - FIXED-LENGTH DATA ELEMENTS--GENERAL INFORMATION | |
| fixed length control field | 181202s1971 enka b 000 0 eng |
| 020 ## - INTERNATIONAL STANDARD BOOK NUMBER | |
| International Standard Book Number | 0412102307 |
| 035 ## - SYSTEM CONTROL NUMBER | |
| System control number | (BD-RjUL)74986 |
| 040 ## - CATALOGING SOURCE | |
| Original cataloging agency | DLC |
| Transcribing agency | DLC |
| Modifying agency | DLC |
| -- | BD-RjUL |
| Language of cataloging | eng |
| 041 ## - LANGUAGE CODE | |
| Language code of text/sound track or separate title | eng |
| 082 00 - DEWEY DECIMAL CLASSIFICATION NUMBER | |
| Classification number | 544.63 |
| Author mark and year | STI 1971 |
| 100 1# - MAIN ENTRY--PERSONAL NAME | |
| Personal name | Steele, D. |
| Fuller form of name | (Derek), |
| Dates associated with a name | 1935- |
| 9 (RLIN) | 225500 |
| 245 14 - TITLE STATEMENT | |
| Title | The interpretation of vibrational spectra |
| Statement of responsibility, etc. | [by] D. Steele. |
| 260 ## - PUBLICATION, DISTRIBUTION, ETC. (IMPRINT) | |
| Place of publication, distribution, etc. | London : |
| Name of publisher, distributor, etc. | Chapman and Hall, |
| Date of publication, distribution, etc. | 1971. |
| 300 ## - PHYSICAL DESCRIPTION | |
| Pagination | vii, 67 p.; |
| Illustrations | illus. |
| Size | 25 cm. |
| 500 ## - GENERAL NOTE | |
| General note | Text inside front and back covers. |
| General note | "Distributed in the USA by Barnes & Noble." |
| 504 ## - BIBLIOGRAPHY, ETC. NOTE | |
| Bibliography, etc | Bibliography: p. [66] |
| 650 #0 - SUBJECT ADDED ENTRY--TOPICAL TERM | |
| Topical term or geographic name as entry element | Vibrational spectra. |
| 9 (RLIN) | 225501 |
| 942 ## - ADDED ENTRY ELEMENTS (KOHA) | |
| Source of classification or shelving scheme | Dewey Decimal Classification |
| Koha item type | Books |
| Lost status | Source of classification or shelving scheme | Damaged status | Not for loan | Collection code | Permanent Location | Current Location | Shelving location | Date acquired | Source of acquisition | Cost, normal purchase price | Total Checkouts | Full call number | Date last seen | Copy number | Koha item type |
|---|---|---|---|---|---|---|---|---|---|---|---|---|---|---|---|
| Dewey Decimal Classification | Not For Loan | Non-fiction | Central Library, University of Rajshahi | Central Library, University of Rajshahi | Reading Room | 16/05/1977 | W. Heffer and sons | 1.25 | 544.63 STI 1971 | 02/12/2018 | C-1 | Books |